000 00776cam a22002414a 4500
001 12454045
005 20180301083900.0
008 010627s2002 paua f 001 0 eng
010 _a 2001038313
020 _a0683305743
040 _aDLC
_cDLC
_dDLC
041 _aeng
042 _apcc
080 _a636.708
082 0 0 _a636.708 RHO
_221
100 1 _a7
101 _aZOO
245 1 4 _aThe 5-minute veterinary consult clinical companion :
_cKaren Helton Rhodes.
246 3 _aFive minute veterinary consult clinical companion
906 _a7
_bcbc
_corignew
_d1
_eocip
_f20
_gy-gencatlg
942 _2ddc
_cBK
999 _c43871
_d43871